00629nam a2200217Ia 4500008004100000020001600041040001400057082002200071100001900093245002800112260005000140300001100190365002600201366000800227505002200235530003000257620005300287630002800340650001500368730002800383100315s9999 xx 000 0 und d a712104283  cENGLISH  b9777 a332.103  a"Perry, F.E. " aA Dictionary of Banking aGREAT BRITAIN bMacdonald & Evans  c1979  a293   eRupees d1 b0.00  f0  gVaibhav Gaikwad  bDonated By RBI Library   a"A Dictionary of Banking, Economic, RBI Book, " aA Dictionary of Banking aECONOMIC  aA Dictionary of Banking